ផលិតកម្មសាច់គោ (Record no. 10840)

000 -LEADER
fixed length control field 00251nam a22001217a 4500
040 ## - CATALOGING SOURCE
Transcribing agency SK
082 ## - DEWEY DECIMAL CLASSIFICATION NUMBER
Classification number 636
100 ## - MAIN ENTRY--AUTHOR NAME
Personal name DUK CHHENG
245 ## - TITLE STATEMENT
Title ផលិតកម្មសាច់គោ
260 ## - PUBLICATION, DISTRIBUTION, ETC. (IMPRINT)
Place of publication RUA
Name of publisher DUK
Year of publication 2015
300 ## - PHYSICAL DESCRIPTION
Number of Pages 95p.
942 ## - ADDED ENTRY ELEMENTS (KOHA)
Koha item type សៀវភៅភាសាខ្មែរ
952 ## - LOCATION AND ITEM INFORMATION (KOHA)
Withdrawn status [LOCAL, KOHA] 0
952 ## - LOCATION AND ITEM INFORMATION (KOHA)
Withdrawn status [LOCAL, KOHA] 0
952 ## - LOCATION AND ITEM INFORMATION (KOHA)
Withdrawn status [LOCAL, KOHA] 0
952 ## - LOCATION AND ITEM INFORMATION (KOHA)
Withdrawn status [LOCAL, KOHA] 0
952 ## - LOCATION AND ITEM INFORMATION (KOHA)
Withdrawn status [LOCAL, KOHA] 0
Holdings
Permanent Location Date acquired Koha item type Lost status Shelving location Barcode Current Location Full call number
Library Block C2016-11-10សៀវភៅភាសាខ្មែរ C276A03761Library Block C636 DUK 2015 C276 Or.1
Library Block C2016-11-10សៀវភៅភាសាខ្មែរ C276A03269Library Block C636 DUK 2015 C276 Or.2
Library Block C2016-11-10សៀវភៅភាសាខ្មែរ C276A03903Library Block C636 DUK 2015 C276 Or.3
Library Block C2016-11-10សៀវភៅភាសាខ្មែរ C276A03448Library Block C636 DUK 2015 C276 Or.4
Library Block C2016-11-10សៀវភៅភាសាខ្មែរ C276A03813Library Block C636 DUK 2015 C276 Or.5
មជ្ឈមណ្ឌលឯការនៃសាកលវិទ្យាល័យភូមិន្ទកសិកម្មចំការដូង

Powered by Koha